000 00498nam a22001697a 4500
005 20251108170923.0
008 250721s9999 xx 000 0 ara d
082 1 4 _a615.89/طرا
100 1 _aطراب، متى
245 1 0 _aكتاب قاموس الطب البيتي في الأمراض و مداواتها /
264 1 _aبيروت :
_bدار الجيل،
_c[19-].
300 _a151ص
650 1 7 _aالطب الشعبي
650 1 7 _aالأمراض
942 _2ddc
_cBK
999 _c52155
_d52155